00516naa a2200169 450000500170000001000230001702000260004003500230006603700190008903700190010808200060012710000290013324500650016226000350022727000620026230000220032420110722160542.0 aB-427994 B-446372 a9780140157512c299.00 aB-427994 B-446372 bPenguin Books  bBlue Berry/Ven aN a Marquez, Gabriel Garcia1 aOne hundred years of solitude / cby Gabriel Garcia Marquez  aNew DelhibPenguin Booksc1996 a11, Community Centre, Panchsheel ParkbNew Delhie110 017 a422p.c20cm (Pbk)